Monitoreo en anestesia. (Registro nro. 2122)

Detalles MARC
000 -LEADER
fixed length control field 01274nam a2200337 a 4500
005 - FECHA ULTIMA MODIFICACION
control field 20240502113012.0
008 - CAMPO DE CONTROL (LIBRO)
fixed length control field 141203t2001||||ag a f |||| 001 0 spa d
020 ## - INTERNATIONAL STANDARD BOOK NUMBER
ISBN 9879894103
041 ## - CODIGO DE IDIOMA
Código de idioma del texto/pista de sonido o título separado spa
092 ## - SIGNATURA TOPOGRAFICA DEWEY LOCAL
número de clasificación 615.7
libristica 42
sección JEG
100 1# - ENTRADA PRINCIPAL--NOMBRE PERSONAL
Nombre personal Jegier, Mario A.
9 (RLIN) 3682
245 ## - TITULO PROPIAMENTE DICHO
Título Monitoreo en anestesia.
Subtítulo y Título paralelo T.1 /
Mención de responsabilidad y remanente de la transcripción de la portada Mario A. Jegier
250 ## - MENCION DE EDICION
Mención de edición 1a ed.
260 ## - PIE DE IMPRENTA
Lugar de publicación, distribución, etc Buenos Aires:
Nombre de la editorial, distribuidor, etc F.A.A.A.A.R.;
Fecha de publicación 2001.
300 ## - DESCRIPCION FISICA
Extension 1-368 p.
500 ## - NOTA GENERAL
Nota general Jegier, M. A. y Ferrentino, G. A. (Col.). (2001). Monitoreo en anestesia. T.1 (1a ed.). Buenos Aires : F.A.A.A.A.R.
653 #3 - TÉRMINO INDIZADO - PALABRAS CLAVES
Palabra clave El monitoreo durante la anestesia
653 ## - TÉRMINO INDIZADO - PALABRAS CLAVES
Palabra clave Monitoreo de la máquina de anestesia
653 ## - TÉRMINO INDIZADO - PALABRAS CLAVES
Palabra clave Monitoreo de la mecánica respiratoria
653 ## - TÉRMINO INDIZADO - PALABRAS CLAVES
Palabra clave Monitoreo del intercambio gaseoso
653 ## - TÉRMINO INDIZADO - PALABRAS CLAVES
Palabra clave Monitoreo de los agentes inhalatorios
653 ## - TÉRMINO INDIZADO - PALABRAS CLAVES
Palabra clave Monitoreo de la actividad eléctrica del corazón
653 ## - TÉRMINO INDIZADO - PALABRAS CLAVES
Palabra clave Monitoreo hemodinámico
653 ## - TÉRMINO INDIZADO - PALABRAS CLAVES
Palabra clave Monitoreo ecocardiográfico
653 ## - TÉRMINO INDIZADO - PALABRAS CLAVES
Palabra clave Monitoreo de la función renal
653 ## - TÉRMINO INDIZADO - PALABRAS CLAVES
Palabra clave Monitoreo de la reposición de los líquidos
653 ## - TÉRMINO INDIZADO - PALABRAS CLAVES
Palabra clave Monitoreo de los electrólitos séricos
653 ## - TÉRMINO INDIZADO - PALABRAS CLAVES
Palabra clave Monitoreo del estado ácido-base y del equilibrio metabólico
700 1# - ENTRADAS SECUNDARIAS - NOMBRE PERSONAL
Nombre personal Ferrentino, Gerardo A.
9 (RLIN) 3683
942 ## - ADDED ENTRY ELEMENTS (KOHA)
Source of classification or shelving scheme Dewey Decimal Classification
Item type Libros
Existencias
Estado de retiro Existencia Fuente de clasificación Estado general No para prestamo Ubicación permanente ubicación actual Sala de ubicación Fecha de adquisición Fuente de adquisición Total Checkouts Total Renewals Número de clasificación Código de barras Date last seen Date last borrowed Número de ejemplar Price effective from Koha tipo de elemento (item) Public note
    Dewey Decimal Classification     Biblioteca Medicina Biblioteca Medicina Circulación 03/12/2014 Donación Diciembre 2014 2 2 615.7 42 JEG 3417 21/05/2018 14/05/2018 Ej.1 03/12/2014 Libros Donación Diciembre 2014

UNIVERSIDAD NACIONAL DEL COMAHUE
Biblioteca de la Facultad de Ciencias Médicas
Sede Toschi: Los Arrayanes y Av. Toschi, Cipolletti  - Rio Negro
Sede Los Tordos:  Yrigoyen al 2211, Cipolletti - Rio Negro 

Teléfono: 0299 - 4774707 int 25
Contacto: biblioteca@facimed.uncoma.edu.ar
© 2011 - 2026